| 000 | 01009nam a2200277 a 4500 | ||
|---|---|---|---|
| 001 | 000040822 | ||
| 003 | DO-SdBNP | ||
| 005 | 20260321073643.0 | ||
| 007 | ta | ||
| 008 | 130909s19911965dr 001 e spa d | ||
| 040 |
_aDO-SdBNP _bspa _cBNPHU |
||
| 082 | 4 |
_222 _a320.97293 _bB742c |
|
| 100 | 1 |
_a Bosch, Juan, _d1909-2001 _976555 |
|
| 245 | 1 | 0 |
_aCrisis de la democracia de América en la República dominicana / _cJuan Bosch; Editores, Rafael Julán, Diómedes Núñez Polanco |
| 250 | _a3a. ed. 1965 | ||
| 260 |
_aSanto Domingo : _bAlfa & omega, _c1991 |
||
| 300 |
_a233 p. ; _c21 cm. |
||
| 590 | _aInventariado, 2018/ YL | ||
| 651 | 1 | 4 |
_aRepública Dominicana _xPolítica y Gobierno _y1930-1961 _9479 |
| 651 | 1 | 4 |
_aRepública Dominicana _xPolítica y Gobierno _y1961- _9204 |
| 651 | 1 | 4 |
_aRepública Dominicana _xHistoria _y1961-1965 _9480 |
| 700 | 1 |
_aJulán, Rafael _eed. _981259 |
|
| 700 | 1 |
_aNuñez Polanco, Diómedes _d1952- _eed. _983559 |
|
| 910 | _aValidado. Control de calidad MFF | ||
| 942 |
_2ddc _cLBS1 |
||
| 999 |
_c40312 _d40312 |
||